Statistics for History by Picture - H

Click here to take the quiz!

General Stats

  • This quiz has been taken 14,746 times
    (14,685 since last reset)
  • The average score is 13 of 18

Answer Stats

Answer % Correct
Adolf Hitler
99%
Hiroshima
90%
Harvard
85%
King Henry VIII
83%
Hieroglyphs
78%
{Hadrian}'s Wall
78%
Alfred Hitchcock
77%
{Hindenburg} Disaster
76%
Saddam Hussein
75%
Hirohito
70%
Hannibal
69%
Hungary
66%
Hong Kong
61%
Hajj
55%
Holy Roman Empire
52%
George Frideric Handel
50%
Hundred Years War
49%
Alexander Hamilton
44%

Score Distribution

Percentile by Number Answered

Percent of People with Each Score

Your Score History

You have not taken this quiz since the last reset